| 000 | 00391cam a2200157ua 4500 | ||
|---|---|---|---|
| 041 |
_aeng _h |
||
| 082 |
_a823.301 _bWES/TA |
||
| 100 | _aWest, Michael . | ||
| 245 |
_aTales from the Arabian nights / _cMichael West. _hTextual Documents |
||
| 250 |
_a1 / _b. |
||
| 260 |
_aLondon : _bLongman Green and Co , _c1966. |
||
| 300 | _a87 ; . | ||
| 504 | _a | ||
| 942 | _cBK | ||
| 999 |
_c6976 _d6976 |
||